| 000 | 00448nmm a2200157Ia 4500 | ||
|---|---|---|---|
| 008 | 251105s9999||||xx |||||||||||||||||und|| | ||
| 041 | _aspa | ||
| 100 | _aSánchez, Manuel Gerardo | ||
| 245 | 0 | _aEl revuelo de los insectos | |
| 264 |
_a[Madrid, España] : _bEditorial Egales, _c2021 |
||
| 300 | _a134 páginas | ||
| 490 | _aNarrativa | ||
| 650 | _aSpanish narrative | ||
| 856 | _uhttps://public.digitaliapublishing.com/a/136988 | ||
| 942 | _cCF | ||
| 999 |
_c100262 _d100262 |
||